000 00927nam a22002057a 4500
005 20230911163638.0
010 _aB-755771
020 _a9789380667164
_c350.00
035 _aB-755771
037 _bयश प्रकाशन
082 _22009
_a50
_b1
100 _aचौहान ,जी .एस
_956245
245 _aकबीर के दोहे /
_cजी.एस.चौहान द्वारा संकलित
260 _aदिल्ली
_bयश प्रकाशन
_c2021
270 _a21-ए,संचारलोक अपार्टमेंट,आई.पी.एक्सटेंशन
_bदिल्ली
_e110002
300 _a208पृ
_c22सेमी (अजिल्द)
700 _aचौहान , जी.एस.
_956246
942 _2ddc
_cHN
_mकबीर
_e2019
_h50
999 _c197985
_d197985